England in the nineteenth century: 1815-1914

Salvato in:
Dettagli Bibliografici
Autore principale: Thomson, David (Autore)
Natura: Libro
Lingua:inglese
Pubblicazione: Londres Penguin Books 1950
Serie:<The >pelican history of England
Soggetti:
Tags: Aggiungi Tag
Nessun Tag, puoi essere il primo ad aggiungerne!!

MARC

LEADER 00000nam a2200000 a 4500
001 UCQ5438
003 CL-VaPUC
008 980925e19500000UK |||||||||||||||||eng|d
082 0 4 |a 942  |b THO  |2 21 
100 0 |a Thomson, David  |e author  |9 419528 
245 1 0 |a England in the nineteenth century: 1815-1914 
300 |a 250 p 
942 |c BK 
945 |d 19980925 00:00:00  |a lriquelm 
260 |a Londres  |b Penguin Books  |c 1950 
650 7 |a HISTORIA DE INGLATERRA SIGLOS 19-20  |2 CL-VaPUC  |9 419529 
650 0 |a Gobierno   |9 255508 
651 0 |a Inglaterra  |9 255158 
583 |a last modification  |c 20160901 10:30:52  |k Rodrigo Vera 
490 0 |a <The >pelican history of England 
999 |c 275650  |d 275648 
952 |0 0  |1 0  |4 0  |6 942_000000000000000_THO_1950  |7 0  |8 A  |9 312431  |a BIBEDU  |b BIBEDU  |d 2019-11-20  |i 3171132  |o 942 THO 1950  |p 3171132  |r 2019-11-20  |w 2019-11-20  |y BK  |k LIT